Normal view
MARC view
Entry Personal Name
001 - CONTROL NUMBER
- control field: 1239377
003 - CONTROL NUMBER IDENTIFIER
- control field: OSt
005 - DATE AND TIME OF LATEST TRANSACTION
- control field: 20260514122511.0
008 - FIXED-LENGTH DATA ELEMENTS
- fixed length control field: 260514|| aca||aabn | a|a d
040 ## - CATALOGING SOURCE
- Original cataloging agency: OSt
- Transcribing agency: OSt
100 ## - HEADING--PERSONAL NAME
- Personal name: Dr.Renu Tanwar
670 ## - SOURCE DATA FOUND
- Source citation: Work cat.: (OSt)1851438: Rastogi Dr. Komal 1239375, In Vitro Fertilization Outcome in Patients with Polycystic Ovarian Syndrome.
